Statistics for Filipino Or Indonesian?

Click here to take the quiz!

General Stats

  • This quiz has been taken 120 times
  • The average score is 13 of 16

Answer Stats

HintAnswer% Correct
HancurIndonesian
91%
BagyoFilipino
90%
IpagtanggolFilipino
89%
BadaiIndonesian
89%
MapanganibFilipino
88%
KengerianIndonesian
88%
BerbahayaIndonesian
88%
PayongFilipino
87%
Orang AsingIndonesian
86%
Nagkawatak-WatakFilipino
85%
KatatakutanFilipino
85%
SkalaIndonesian
83%
MembelaIndonesian
82%
SukatFilipino
78%
DayuhanFilipino
76%
PayungIndonesian
58%

Score Distribution

Percentile by Number Answered

Percent of People with Each Score

Your Score History

You have not taken this quiz